Arzén vo vode a jeho vplyv na zdravie

Podrobná bibliografia
Hlavní autori: Koppová, Kvetoslava (Author), Lichý, Ján (Author)
Médium: Článok
Jazyk:Slovak
Témy:
Zdroj: 1. Enviromagazín 1. 1335-1877 1. Roč. 6, č. 2(2001), s. 26-27
LEADER 00961nab#a2200349#ar4500
001 000044331
003 SVKKK
005 00000000000000.0
008 c xo e sloo
FMT
038 |a SVKKK 
040 |a SVKKK  |b slo  |e AACR2 
041 0 |a slo 
044 |a xo  |c SK 
080 |a 696.1  |2 1981 
100 1 |a Koppová, Kvetoslava  |4 aut 
245 1 0 |a Arzén vo vode a jeho vplyv na zdravie  |c Koppová Kvetoslava, , Lichý Ján 
300 |b Fotogr., tab. 
650 0 4 |a arzén  |x výskyt  |x hodnoty zvýšené  |x problematika zdravotná  |x dôsledky  |x analýzy 
650 0 4 |a voda pitná  |x vodovody verejné  |z Košice  |z Košice-okolie 
700 1 |a Lichý, Ján  |4 aut 
773 0 |t Enviromagazín  |x 1335-1877  |g Roč. 6, č. 2(2001), s. 26-27 
957 |a Košice 
957 |a Košice-okolie 
957 |a Zlatá Idka 
958 |a KE 
958 |a KS 
974 |d 210904  |a Mi 
992 |a RBX 
BAS
852 |a SVKKK  |b BIB 
998 |a REG